000 00620nam a2200205Ia 4500
005 20250508151214.0
008 008 250505s9999 xx 000 0 eng d
037 _aTextBook
040 _aFEDL
_beng
_cFEDL
041 _aeng
_2eng
084 _a370.7, FIL
_qFEDL
100 _aFilho M B Lourenco and others
_9758643
245 0 _aTraining of rural school teachers
260 _aParis
_bUnited Nations Education, Scientific and Cultural Organization
_c1953
300 _a163p
365 _aINR
_b5.1
650 _aEducation - Teaching
_9612643
942 _cTB
_h370.7, FIL
999 _c1328212
_d1328212